[Event "2BLS 2223 SV 1947 Walldorf - SV 1920 Ho"]
[Site "?"]
[Date "2023.02.25"]
[Round "7.5"]
[White "Womacka, Mathias"]
[Black "Vonthron, Horst"]
[Result "1/2-1/2"]
[WhiteElo "2409"]
[BlackElo "2356"]
[PlyCount "82"]
[EventDate "2023.??.??"]

1. e4 e5 2. Nf3 Nc6 3. Bc4 Nf6 4. d3 Bc5 5. O-O d6 6. c3 Qe7 7. b4 Bb6 8. a4 a6 9. Nbd2 h6 10. Bb3 Bg4 11. Nc4 Ba7 12. Ne3 Bxe3 13. fxe3 O-O 14. Qe1 Be6 15. Bc2 g5 16. d4 Bc4 17. Rf2 Ng4 18. Rd2 f5 19. h3 fxe4 20. Bxe4 d5 21. Bxd5+ Bxd5 22. e4 exd4 23. hxg4 Qxe4 24. Qxe4 Bxe4 25. Nxd4 Rae8 26. Re2 Bd5 27. Rxe8 Rxe8 28. Nxc6 Bxc6 29. Kf2 Re4 30. Be3 Rxg4 31. g3 Re4 32. a5 Re8 33. Bc5 Re5 34. Re1 Rf5+ 35. Kg1 Rf3 36. Re3 g4 37. Rxf3 gxf3 38. Be3 Kg7 39. Bf4 Kg6 40. Bxc7 Kf5 41. Kf2 Ke4 1/2-1/2

[Event "2BLS 2223 SV 1947 Walldorf - SV 1920 Ho"]
[Site "?"]
[Date "2023.02.25"]
[Round "7.6"]
[White "Gschnitzer, Oswald"]
[Black "Zude, Arno"]
[Result "1/2-1/2"]
[WhiteElo "2343"]
[BlackElo "2346"]
[PlyCount "63"]
[EventDate "2023.??.??"]

1. Nf3 d5 2. c4 e6 3. d4 Nf6 4. Nc3 Be7 5. Bg5 O-O 6. e3 Nbd7 7. Rc1 h6 8. Bh4 a6 9. cxd5 exd5 10. Bd3 c6 11. O-O Ne4 12. Bxe7 Qxe7 13. Bxe4 dxe4 14. Nd2 Nf6 15. Qc2 Re8 16. Na4 Be6 17. Qc5 Rad8 18. Qxe7 Rxe7 19. Nb6 Nd5 20. Nxd5 Bxd5 21. Rc2 g5 22. b4 f6 23. Rb1 h5 24. Kf1 h4 25. a4 Kg7 26. Ke2 Kg6 27. Nc4 h3 28. g3 Kh5 29. Nb6 Re6 30. Rc5 Red6 31. Nxd5 Rxd5 32. Rbc1 1/2-1/2

[Event "2BLS 2223 SV 1947 Walldorf - SV 1920 Ho"]
[Site "?"]
[Date "2023.02.25"]
[Round "7.7"]
[White "Zude, Erik"]
[Black "Fichter, Fabian"]
[Result "1-0"]
[WhiteElo "2375"]
[BlackElo "2274"]
[PlyCount "41"]
[EventDate "2023.??.??"]

1. c4 e5 2. Nc3 Nf6 3. Nf3 Nc6 4. d3 d5 5. cxd5 Nxd5 6. e4 Nb6 7. Be2 Be7 8. O-O O-O 9. a4 Be6 10. Be3 a6 11. d4 exd4 12. Nxd4 Nxd4 13. Bxd4 Qd6 14. a5 Nd7 15. Nd5 Bxd5 16. exd5 Rfd8 17. Qb3 Ne5 18. Rfd1 Bf6 19. Be3 Re8 20. Rac1 Reb8 21. g3 1-0

[Event "2BLS 2223 SV 1947 Walldorf - SV 1920 Ho"]
[Site "?"]
[Date "2023.02.25"]
[Round "7.8"]
[White "Hauser, Carlos"]
[Black "Brendel, Oliver"]
[Result "1-0"]
[WhiteElo "2223"]
[BlackElo "2346"]
[PlyCount "99"]
[EventDate "2023.??.??"]

1. d4 Nf6 2. c4 g6 3. Nc3 d5 4. cxd5 Nxd5 5. e4 Nxc3 6. bxc3 Bg7 7. Bc4 c5 8. Ne2 Nc6 9. Be3 O-O 10. O-O b6 11. Rc1 Bb7 12. Qd2 e6 13. Rfd1 Qe7 14. Bg5 Bf6 15. Bh6 Rfd8 16. Qe3 Rd7 17. e5 Bg7 18. Bg5 Qf8 19. Nf4 Re8 20. Qh3 cxd4 21. Nxe6 fxe6 22. Bxe6+ Rxe6 23. Qxe6+ Qf7 24. Qxf7+ Kxf7 25. cxd4 Nxd4 26. Be3 Bxe5 27. f4 Bf6 28. Rxd4 Bxd4 29. Bxd4 Rxd4 30. Rc7+ Kf6 31. Rxb7 Ra4 32. Rxh7 Rxa2 33. h3 b5 34. Rb7 a6 35. g4 Ke6 36. Rb6+ Kd5 37. Rxg6 b4 38. Rb6 Kc5 39. Rb8 Rd2 40. g5 a5 41. g6 Rd7 42. f5 Rg7 43. h4 a4 44. h5 a3 45. f6 a2 46. Ra8 b3 47. f7 b2 48. f8=Q+ Kc4 49. Qf4+ Kb3 50. Qa4+ 1-0

[Event "2BLS 2223 SG Speyer-Schwegenheim - SF H"]
[Site "?"]
[Date "2023.02.25"]
[Round "7.1"]
[White "Perske, Thore"]
[Black "Abasov, Nijat"]
[Result "1-0"]
[WhiteElo "2434"]
[BlackElo "2629"]
[PlyCount "91"]
[EventDate "2023.??.??"]

1. e4 c5 2. Nf3 e6 3. c3 d5 4. exd5 Qxd5 5. d4 Nf6 6. Na3 Qe4+ 7. Be2 Nc6 8. Nb5 Rb8 9. Ng5 Qg6 10. Bd3 Qh5 11. Bf4 Qxd1+ 12. Rxd1 a6 13. Nd6+ Bxd6 14. Bxd6 cxd4 15. Bxb8 Nxb8 16. cxd4 Ke7 17. Ne4 Nd5 18. Nc3 Nc6 19. Nxd5+ exd5 20. Bc2 Kd6 21. f3 h5 22. h4 Be6 23. Kf2 Re8 24. Bb1 Na5 25. Rhe1 Nc6 26. Ke3 f6 27. Kf4 Ne7 28. Rd2 Bd7 29. g4 g5+ 30. hxg5 fxg5+ 31. Kxg5 hxg4 32. fxg4 Rg8+ 33. Kf4 Rxg4+ 34. Ke3 Rg3+ 35. Kf2 Rh3 36. Kg2 Rh4 37. Rh1 Rg4+ 38. Kf3 Nc6 39. Rh6+ Kc7 40. Rh7 Rg1 41. Bf5 Rf1+ 42. Kg4 Nb8 43. Rc2+ Kd6 44. Rh6+ Ke7 45. Bxd7 Nxd7 46. Rc7 1-0

[Event "2BLS 2223 SG Speyer-Schwegenheim - SF H"]
[Site "?"]
[Date "2023.02.25"]
[Round "7.2"]
[White "Horvath, Adam"]
[Black "Carow, Johannes"]
[Result "1-0"]
[WhiteElo "2462"]
[BlackElo "2443"]
[PlyCount "67"]
[EventDate "2023.??.??"]

1. e4 c6 2. d4 d5 3. e5 Bf5 4. h4 h5 5. Bd3 Bxd3 6. Qxd3 Qa5+ 7. Nd2 e6 8. Ngf3 Ne7 9. O-O Nf5 10. Nb3 Qa6 11. Qd1 c5 12. Bg5 cxd4 13. Nbxd4 Nxd4 14. Nxd4 Nc6 15. Nxc6 Qxc6 16. a4 Rc8 17. a5 Qb5 18. Re1 Be7 19. Bxe7 Kxe7 20. Qd2 Qc4 21. Ra3 Qxh4 22. Rb3 Rhd8 23. Rxb7+ Rd7 24. a6 Rc6 25. Qe3 Rxc2 26. Qxa7 Qa4 27. Rxd7+ Qxd7 28. Qe3 Qa4 29. Qb6 Rc8 30. b4 Kd7 31. b5 Qb4 32. Qd6+ Qxd6 33. exd6 Ra8 34. Rb1 1-0

[Event "2BLS 2223 SG Speyer-Schwegenheim - SF H"]
[Site "?"]
[Date "2023.02.25"]
[Round "7.3"]
[White "Wilhelm, Till"]
[Black "Kantans, Toms"]
[Result "1-0"]
[WhiteElo "2350"]
[BlackElo "2499"]
[PlyCount "101"]
[EventDate "2023.??.??"]

1. d4 Nf6 2. c4 g6 3. g3 c5 4. dxc5 Na6 5. Bg2 Bg7 6. Nf3 Nxc5 7. Nc3 O-O 8. O-O d6 9. Nd4 a5 10. b3 Bd7 11. Ba3 Qb6 12. Rc1 Rfd8 13. Qd2 e6 14. Rfd1 Rac8 15. h3 Ne8 16. Ndb5 Bc6 17. Qe3 Bf8 18. Bxc5 dxc5 19. Na4 Qa6 20. Rxd8 Rxd8 21. Nxc5 Qb6 22. Ne4 Qxe3 23. fxe3 Bh6 24. Kf2 f5 25. Nc5 Bxg2 26. Kxg2 Rd2 27. Kf3 b6 28. Na4 Rxa2 29. Nxb6 Rb2 30. Rc3 Bg7 31. Rd3 e5 32. Rd8 Kf7 33. Rd7+ Ke6 34. Rb7 Bf8 35. Rb8 Kf7 36. Nd7 Bg7 37. Rb7 e4+ 38. Kf2 g5 39. Nc5+ Kg6 40. Re7 Nf6 41. Ne6 Bh6 42. Nbd4 Nh5 43. c5 Rb1 44. c6 Rc1 45. c7 Nf6 46. Nb5 g4 47. Nf4+ Bxf4 48. gxf4 Nd5 49. Rd7 Nxe3 50. Rd8 gxh3 51. c8=Q 1-0

[Event "2BLS 2223 SG Speyer-Schwegenheim - SF H"]
[Site "?"]
[Date "2023.02.25"]
[Round "7.4"]
[White "Kovacs, Gabor"]
[Black "Hinrichs, Paul"]
[Result "1/2-1/2"]
[WhiteElo "2400"]
[BlackElo "2212"]
[PlyCount "140"]
[EventDate "2023.??.??"]

1. c4 c6 2. Nf3 Nf6 3. g3 d5 4. Bg2 g6 5. b3 Bg7 6. Bb2 O-O 7. O-O b6 8. d3 Bb7 9. Nbd2 Nbd7 10. b4 c5 11. bxc5 Nxc5 12. Rc1 Rc8 13. Rc2 dxc4 14. Nxc4 b5 15. Ncd2 Na4 16. Bd4 Nd5 17. Bxg7 Kxg7 18. Qa1+ f6 19. Rfc1 Qd7 20. a3 Rxc2 21. Rxc2 Rc8 22. Rxc8 Qxc8 23. Kf1 Qc3 24. Qxc3 Ndxc3 25. e3 Nc5 26. Ne1 Bxg2+ 27. Kxg2 e5 28. d4 exd4 29. exd4 Ne6 30. Nc2 Kf7 31. Kf3 Ke7 32. Ke3 Nd1+ 33. Ke2 Nc3+ 34. Kd3 Nd1 35. f3 Nb2+ 36. Kc3 Nd1+ 37. Kb4 Nc7 38. Kc5 f5 39. Kc6 Kd8 40. d5 Nc3 41. d6 Na6 42. Nd4 Nb8+ 43. Kb7 Nd7 44. Nc6+ Ke8 45. Nxa7 Ne5 46. Kc8 Nf7 47. d7+ Ke7 48. Nc6+ Kd6 49. d8=Q+ Nxd8 50. Nxd8 Kd5 51. Nf7 Kd4 52. Nd6 Ke3 53. Nxb5 Nxb5 54. a4 Na3 55. Nb3 Nc4 56. Kc7 Kxf3 57. Kc6 Ke3 58. Kb5 Nd6+ 59. Kc5 Ne4+ 60. Kc6 g5 61. a5 f4 62. gxf4 gxf4 63. a6 f3 64. a7 f2 65. a8=Q f1=Q 66. Qa7+ Kf3 67. Qf7+ Kg2 68. Qg7+ Kxh2 69. Qxh7+ Qh3 70. Qxh3+ Kxh3 1/2-1/2

[Event "2BLS 2223 SG Speyer-Schwegenheim - SF H"]
[Site "?"]
[Date "2023.02.25"]
[Round "7.5"]
[White "Foerster, Erik"]
[Black "Boguslawski, Oleg"]
[Result "0-1"]
[WhiteElo "2173"]
[BlackElo "2374"]
[PlyCount "80"]
[EventDate "2023.??.??"]

1. d4 d5 2. Nf3 Nf6 3. g3 e6 4. Bg2 Be7 5. c4 O-O 6. O-O c6 7. Nc3 Nbd7 8. Nd2 b6 9. e4 Bb7 10. e5 Ne8 11. cxd5 cxd5 12. f4 b5 13. Nf3 b4 14. Ne2 Rc8 15. g4 f5 16. gxf5 exf5 17. Ng5 Qb6 18. Qb3 Rc4 19. Qg3 Nc7 20. Rf2 Ne6 21. Nxe6 Qxe6 22. Qb3 Rfc8 23. Be3 Nb6 24. Ng3 a5 25. Bf1 g6 26. Rg2 Kh8 27. Bd3 R4c7 28. Qd1 Nc4 29. Qe2 a4 30. Kh1 a3 31. bxa3 bxa3 32. Rag1 Nxe3 33. Qxe3 Ba6 34. Nxf5 Bxd3 35. Nxe7 Be4 36. Nxc8 Qxc8 37. Qxa3 Rc3 38. Qb4 Rc2 39. Qa3 Kg7 40. Qe3 Qc4 0-1

[Event "2BLS 2223 SG Speyer-Schwegenheim - SF H"]
[Site "?"]
[Date "2023.02.25"]
[Round "7.6"]
[White "Decuigniere, Tom"]
[Black "Lantzsch, Christian"]
[Result "1-0"]
[WhiteElo "2384"]
[BlackElo "2165"]
[PlyCount "139"]
[EventDate "2023.??.??"]

1. d4 d5 2. c4 c6 3. Nc3 Nf6 4. Nf3 a6 5. g3 b5 6. cxd5 cxd5 7. Bg2 e6 8. O-O Bb7 9. Ne5 Nbd7 10. Bf4 Be7 11. Nd3 Qb6 12. Ne5 Nxe5 13. Bxe5 O-O 14. a4 Nd7 15. Bf4 Bc6 16. axb5 axb5 17. Rxa8 Rxa8 18. e4 Nf6 19. exd5 Nxd5 20. Nxd5 Bxd5 21. Bxd5 exd5 22. Re1 Bf8 23. Be3 Qa5 24. Kg2 Qb4 25. Re2 Ra2 26. Qb1 Qb3 27. Bf4 Ra8 28. Qf5 h6 29. Qc2 Qc4 30. Be3 Rc8 31. Qd2 b4 32. Bf4 b3 33. Re3 Rc6 34. Rc3 Qb5 35. Qd3 Qxd3 36. Rxd3 Rb6 37. Kf3 g5 38. Be3 Kg7 39. Rc3 Ba3 40. Bc1 Be7 41. Ke2 h5 42. h3 Kg6 43. Rc7 Bd6 44. Rc8 f6 45. Kd3 Kf5 46. Bd2 Ra6 47. Rd8 Rb6 48. Rd7 Ke6 49. Rh7 Bb4 50. Bxg5 Rc6 51. Be3 Be7 52. Rh8 Rc2 53. Rb8 Rxb2 54. Kc3 Rc2+ 55. Kxb3 Rc4 56. Rh8 Kf5 57. Rxh5+ Ke4 58. Rh7 Bd6 59. Rd7 Rc6 60. h4 Kd3 61. h5 Bxg3 62. Rxd5 Rb6+ 63. Ka4 Ke4 64. Rb5 Rd6 65. h6 Rd7 66. Rh5 Rh7 67. fxg3 Kxe3 68. d5 Kf3 69. d6 Kxg3 70. Rb5 1-0

[Event "2BLS 2223 SG Speyer-Schwegenheim - SF H"]
[Site "?"]
[Date "2023.02.25"]
[Round "7.7"]
[White "Enzmann, Steffen"]
[Black "Philippe, Christophe"]
[Result "1-0"]
[WhiteElo "2141"]
[BlackElo "2359"]
[PlyCount "105"]
[EventDate "2023.??.??"]

1. Nf3 g6 2. g3 Bg7 3. Bg2 c5 4. O-O Nc6 5. d3 e5 6. c3 Nge7 7. e4 O-O 8. Nh4 d6 9. f4 exf4 10. gxf4 f5 11. Nf3 h6 12. Qb3+ Kh7 13. Be3 b6 14. Rd1 Bb7 15. Na3 Rb8 16. Bf2 Na5 17. Qc2 a6 18. Bh4 Qc7 19. Rac1 Rbe8 20. b4 Nac6 21. b5 Na5 22. bxa6 Bxa6 23. Rb1 Nc8 24. exf5 Rxf5 25. Bg3 Re3 26. Nh4 Rf6 27. Be4 d5 28. Bxd5 Ne7 29. Be4 Nf5 30. Qf2 Rxe4 31. dxe4 Nxh4 32. Bxh4 Rxf4 33. Bg3 Rg4 34. Qf3 Rg5 35. Rd5 Be5 36. Rbd1 Bc8 37. Nb5 Qe7 38. Nd6 Bxd6 39. Rxg5 Nc4 40. Rgd5 Bxg3 41. Qxg3 Be6 42. Rd8 h5 43. Qf4 Bh3 44. R1d5 Be6 45. Qg5 Qg7 46. Re8 Bxd5 47. exd5 Nd6 48. Re7 Nf7 49. Qf4 Kg8 50. Qb8+ Kh7 51. Qe8 Qxc3 52. Qxf7+ Kh6 53. Qf4+ 1-0

[Event "2BLS 2223 SG Speyer-Schwegenheim - SF H"]
[Site "?"]
[Date "2023.02.25"]
[Round "7.8"]
[White "Kraemer, Enrico"]
[Black "Beck, Michael"]
[Result "1/2-1/2"]
[WhiteElo "2214"]
[BlackElo "2038"]
[PlyCount "93"]
[EventDate "2023.??.??"]

1. d4 Nf6 2. Nf3 g6 3. g3 Bg7 4. Bg2 O-O 5. O-O d6 6. b3 c5 7. Bb2 Nbd7 8. c4 Rb8 9. Nc3 a6 10. Re1 b5 11. cxb5 axb5 12. dxc5 Nxc5 13. b4 Ne6 14. e4 Bb7 15. Nd5 Nxd5 16. Bxg7 Ne3 17. Rxe3 Kxg7 18. h4 Qb6 19. Bh3 Bc8 20. Kg2 Nd8 21. Bxc8 Rxc8 22. Rc1 Ne6 23. Rec3 Rxc3 24. Rxc3 Ra8 25. a3 Ra7 26. Qc1 Rc7 27. h5 f6 28. hxg6 hxg6 29. Qc2 Rxc3 30. Qxc3 Qc7 31. Qd3 Qc6 32. Qd5 Qxd5 33. exd5 Nc7 34. Nd4 Kf7 35. f4 f5 36. Kf3 Kf6 37. g4 fxg4+ 38. Kxg4 Nxd5 39. Nxb5 e5 40. Nxd6 exf4 41. b5 Ke5 42. Nc4+ Kd4 43. b6 Kxc4 44. b7 Nf6+ 45. Kxf4 Nd7 46. Kg5 Kb5 47. Kxg6 1/2-1/2

[Event "2BLS 2223 SF Bad Mergentheim - SC Ötig"]
[Site "?"]
[Date "2023.02.25"]
[Round "7.1"]
[White "Bauer, Christian"]
[Black "Rakotomaharo, Fy Antenaina"]
[Result "1-0"]
[WhiteElo "2599"]
[BlackElo "2451"]
[PlyCount "111"]
[EventDate "2023.??.??"]

1. e4 c5 2. Nf3 e6 3. c3 Nf6 4. Bd3 Nc6 5. Bc2 e5 6. O-O d6 7. d4 exd4 8. cxd4 Bg4 9. Ba4 cxd4 10. Qb3 Qb6 11. Nxd4 Qxd4 12. Qxb7 Qxa4 13. Qxa8+ Nd8 14. Nc3 Qd7 15. Be3 Be7 16. f3 Be6 17. Rfd1 O-O 18. Qxa7 Qxa7 19. Bxa7 Nc6 20. Bf2 Rb8 21. Rd2 g5 22. Rc1 Ne5 23. b3 Nh5 24. Be3 Nf4 25. Rcd1 h5 26. h4 Neg6 27. hxg5 Bxg5 28. Kf2 Be7 29. g3 Nh3+ 30. Kg2 h4 31. Nd5 Bd8 32. Rh1 Ng5 33. gxh4 Nh7 34. h5 Ne5 35. Nf4 Be7 36. Rc2 Nf6 37. Nxe6 fxe6 38. Rhc1 Kf7 39. Rc8 Rb5 40. h6 Ng6 41. Rb1 d5 42. a4 Ra5 43. Bd2 Ra7 44. exd5 Nxd5 45. h7 Bf6 46. Rh1 Bh8 47. a5 Rd7 48. Bg5 Ra7 49. Bd2 Rd7 50. b4 Nde7 51. Rc2 Nf5 52. Bg5 Bf6 53. Rd2 Ngh4+ 54. Kh3 Rxd2 55. Bxd2 Nxf3 56. a6 1-0

[Event "2BLS 2223 SF Bad Mergentheim - SC Ötig"]
[Site "?"]
[Date "2023.02.25"]
[Round "7.2"]
[White "Ikonnikov, Vyacheslav"]
[Black "Van den Doel, Erik"]
[Result "0-1"]
[WhiteElo "2485"]
[BlackElo "2582"]
[PlyCount "114"]
[EventDate "2023.??.??"]

1. d4 d5 2. Nf3 Nf6 3. c4 c6 4. Qc2 dxc4 5. Qxc4 Bf5 6. g3 e6 7. Bg2 Be7 8. O-O O-O 9. Qb3 Qb6 10. Nbd2 Rd8 11. Nc4 Qa6 12. Bg5 Nbd7 13. Nh4 Bg4 14. f3 Bh5 15. g4 Bg6 16. Nxg6 hxg6 17. f4 Nb6 18. Nxb6 Qxb6 19. e3 Qxb3 20. axb3 Kf8 21. Bxf6 gxf6 22. Rac1 Kg7 23. Kf2 Rh8 24. h3 f5 25. Rh1 a5 26. Ra1 Ra6 27. Rhc1 Rb6 28. Rxa5 Rxb3 29. Ra2 Bb4 30. Rc2 fxg4 31. hxg4 g5 32. fxg5 Kg6 33. Kf3 Kxg5 34. Bf1 Rh1 35. Kg2 Rh6 36. Ra4 Bd6 37. Ra5+ Kh4 38. Be2 Rxe3 39. Bf3 e5 40. dxe5 Bxe5 41. Rc1 Rf6 42. Rf1 Rf4 43. b3 Rd4 44. Kf2 Rdd3 45. Rh1+ Kg5 46. Be2 Rc3 47. Rh5+ Kf6 48. Rf5+ Ke6 49. Bc4+ Kd6 50. Ra2 Bd4 51. Rd2 Re4+ 52. Kg2 Rxg4+ 53. Kh2 b5 54. Bxf7 Kc7 55. Rh5 Bg1+ 56. Kh1 Rc1 57. Re2 Be3+ 0-1

[Event "2BLS 2223 SF Bad Mergentheim - SC Ötig"]
[Site "?"]
[Date "2023.02.25"]
[Round "7.3"]
[White "Lai, Hing Ting"]
[Black "Neuman, Petr"]
[Result "1-0"]
[WhiteElo "2466"]
[BlackElo "2403"]
[PlyCount "61"]
[EventDate "2023.??.??"]

1. d4 Nf6 2. c4 g6 3. Nf3 Bg7 4. g3 c6 5. Bg2 d5 6. b3 O-O 7. Bb2 Bf5 8. O-O Nbd7 9. Nc3 Ne4 10. e3 Nxc3 11. Bxc3 Be4 12. Qe2 e6 13. Bh3 Bxf3 14. Qxf3 f5 15. Qe2 Nf6 16. Rfd1 g5 17. b4 h5 18. a4 Ne4 19. Be1 g4 20. Bg2 Qg5 21. b5 h4 22. bxc6 bxc6 23. cxd5 cxd5 24. Bb4 hxg3 25. hxg3 Rfb8 26. Rab1 a5 27. Be1 Rxb1 28. Rxb1 Nd6 29. Rb6 Qd8 30. Ra6 Nc4 31. Rxa8 1-0

[Event "2BLS 2223 SF Bad Mergentheim - SC Ötig"]
[Site "?"]
[Date "2023.02.25"]
[Round "7.4"]
[White "Vlasak, Lukas"]
[Black "Laurent-Paoli, Pierre"]
[Result "0-1"]
[WhiteElo "2458"]
[BlackElo "2515"]
[PlyCount "76"]
[EventDate "2023.??.??"]

1. d4 Nf6 2. Nf3 d5 3. Bf4 c5 4. e3 Nc6 5. Nbd2 Nh5 6. dxc5 Nxf4 7. exf4 g6 8. c3 Bh6 9. g3 O-O 10. Bg2 b6 11. O-O bxc5 12. Nb3 Rb8 13. Nxc5 Rxb2 14. Qa4 Qb6 15. Nd3 Rb5 16. Qc2 Bf5 17. a4 Rc5 18. Qd2 Bxd3 19. Qxd3 e6 20. Rfc1 Rc8 21. Rab1 Qc7 22. Nd2 Bg7 23. Bf1 Na5 24. Rb5 Rxc3 25. Rxc3 Bxc3 26. Nb3 Nxb3 27. Rxb3 a5 28. Qd1 Bb4 29. Rb2 Qc3 30. Qb1 Rc5 31. Kg2 Qd4 32. Ra2 Rc3 33. Be2 f5 34. Bf3 Kf7 35. h4 Qc4 36. Re2 d4 37. h5 Rxf3 38. hxg6+ hxg6 0-1

[Event "2BLS 2223 SF Bad Mergentheim - SC Ötig"]
[Site "?"]
[Date "2023.02.25"]
[Round "7.5"]
[White "Cornette, Matthieu"]
[Black "Msellek, Ilyass"]
[Result "1-0"]
[WhiteElo "2565"]
[BlackElo "2406"]
[PlyCount "57"]
[EventDate "2023.??.??"]

1. e4 c5 2. Nf3 e6 3. c3 d5 4. e5 d4 5. d3 Bd7 6. g3 Bc6 7. Bg2 Ne7 8. O-O Nf5 9. Qe2 Be7 10. Nbd2 h5 11. h4 Na6 12. Ne4 Qd7 13. c4 O-O-O 14. a3 Kb8 15. Bd2 b6 16. Rfb1 Bb7 17. b4 Rc8 18. b5 Nc7 19. a4 Ne8 20. a5 Bd8 21. Bg5 Bc7 22. Nfd2 Bxe5 23. axb6 axb6 24. Nf3 f6 25. Nxe5 fxe5 26. Qa2 Ned6 27. Qa7+ Kc7 28. Nxc5 bxc5 29. b6# 1-0

[Event "2BLS 2223 SF Bad Mergentheim - SC Ötig"]
[Site "?"]
[Date "2023.02.25"]
[Round "7.6"]
[White "Pfleger, Michael"]
[Black "Georgiev, Kiril"]
[Result "1/2-1/2"]
[WhiteElo "2161"]
[BlackElo "2548"]
[PlyCount "193"]
[EventDate "2023.??.??"]

1. e4 c5 2. Nf3 d6 3. Nc3 Nf6 4. Be2 Nc6 5. d4 cxd4 6. Nxd4 e5 7. Nb3 Be7 8. Bg5 Be6 9. Bxf6 Bxf6 10. Nd5 Bg5 11. h4 Bxh4 12. Bg4 O-O 13. Bf5 g6 14. Qg4 h5 15. Qxh4 Qxh4 16. Rxh4 gxf5 17. Rxh5 Rfc8 18. O-O-O fxe4 19. Nf6+ Kg7 20. Nxe4 Nb4 21. Nc3 Rc6 22. a3 Na2+ 23. Nxa2 Bxb3 24. Nc3 Be6 25. f4 exf4 26. Rh4 Rc4 27. Ne2 Bf5 28. Nd4 Bg6 29. c3 Re8 30. Rxf4 Rc5 31. Rf2 Rce5 32. Kd2 a6 33. Rdf1 Rg5 34. Re1 Re4 35. Nf3 Rb5 36. b4 Rd5+ 37. Nd4 Rg5 38. Rfe2 Reg4 39. Nf3 Rd5+ 40. Nd4 Rg3 41. Rc1 Re5 42. a4 b6 43. Nc6 Reg5 44. a5 bxa5 45. Nxa5 Bh5 46. Rf2 Rxg2 47. Rxg2 Rxg2+ 48. Ke3 Kf6 49. Nb3 Rg3+ 50. Kd2 Bg6 51. Ra1 Bd3 52. Nd4 Bc4 53. Ra5 Rg5 54. Ra1 Rg2+ 55. Ke3 Ke5 56. Nf3+ Kd5 57. Rd1+ Ke6 58. Nd4+ Kf6 59. Nc6 Rg3+ 60. Kf4 Rxc3 61. Rxd6+ Kg7 62. Ne5 Bb5 63. Rd4 f6 64. Ng4 Rb3 65. Ne3 Kg6 66. Nf5 Be2 67. Ne7+ Kf7 68. Nf5 Bb5 69. Nd6+ Ke6 70. Ne4 Ke7 71. Nd6 Bc6 72. Nf5+ Kf7 73. Rc4 Bd7 74. Nd4 Rb1 75. Rc7 Ke7 76. Rb7 Kd6 77. Rb6+ Kd5 78. Ne2 Rf1+ 79. Ke3 Bb5 80. Nf4+ Ke5 81. Ng6+ Kf5 82. Ne7+ Kg5 83. Nd5 f5 84. Nc7 f4+ 85. Kd2 Rf2+ 86. Kc3 Rf3+ 87. Kc2 Ra3 88. Nxb5 axb5 89. Rxb5+ Kg4 90. Ra5 Rh3 91. b5 Rh5 92. Kc3 f3 93. Kc4 f2 94. Ra1 Kf3 95. b6 Ra5 96. Rf1 Ra8 97. Kb5 1/2-1/2

[Event "2BLS 2223 SF Bad Mergentheim - SC Ötig"]
[Site "?"]
[Date "2023.02.25"]
[Round "7.7"]
[White "Daulyte-Cornette, Deimante"]
[Black "Raps, Johannes"]
[Result "1-0"]
[WhiteElo "2342"]
[BlackElo "2100"]
[PlyCount "59"]
[EventDate "2023.??.??"]

1. e4 c5 2. Nf3 d6 3. d4 cxd4 4. Nxd4 Nf6 5. Nc3 g6 6. g3 Bg7 7. Bg2 O-O 8. O-O Bg4 9. f3 Bd7 10. Be3 Nc6 11. Nde2 a6 12. h3 b5 13. f4 Rc8 14. Qe1 Na5 15. Qf2 Nc4 16. Bd4 b4 17. Nd5 Nxd5 18. exd5 Bxd4 19. Nxd4 Qb6 20. a3 bxa3 21. b3 Na5 22. Rxa3 Nb7 23. Nc6 Qxf2+ 24. Kxf2 Bxc6 25. dxc6 Nc5 26. b4 Ne6 27. Rxa6 Rb8 28. c3 Rfc8 29. Rfa1 Nd8 30. R1a5 1-0

[Event "2BLS 2223 SF Bad Mergentheim - SC Ötig"]
[Site "?"]
[Date "2023.02.25"]
[Round "7.8"]
[White "Kluss, Kai"]
[Black "Kuehn, Kolja"]
[Result "0-1"]
[WhiteElo "2123"]
[BlackElo "2112"]
[PlyCount "94"]
[EventDate "2023.??.??"]

1. d4 d5 2. c4 c6 3. Nf3 Nf6 4. Nc3 e6 5. Bg5 h6 6. Bh4 dxc4 7. e4 g5 8. Bg3 b5 9. e5 Nd5 10. Be2 Bb4 11. Rc1 Qa5 12. O-O Bxc3 13. bxc3 Nxc3 14. Qd2 Nxe2+ 15. Qxe2 Nd7 16. Nd2 Qxa2 17. Qe3 Rf8 18. Ne4 Kd8 19. h4 Kc7 20. hxg5 hxg5 21. Qxg5 Bb7 22. Qe7 Rad8 23. Ra1 Qc2 24. Nf6 Rh8 25. Rxa7 Qd3 26. Nxd7 Rh1+ 27. Kxh1 Qxf1+ 28. Kh2 Rxd7 29. Rxb7+ Kxb7 30. Qxd7+ Kb6 31. Qd8+ Kb7 32. Bh4 Qd3 33. Qd7+ Ka6 34. Qxc6+ Ka5 35. Bd8+ Kb4 36. Qc5+ Ka4 37. Qa7+ Kb3 38. Qa1 c3 39. Be7 b4 40. Bd6 c2 41. Qe1 Qc3 42. Qc1 Qb2 43. Qd2 Ka2 44. Qf4 c1=Q 45. Qxf7 Qh6+ 46. Kg3 Qc3+ 47. f3 Qe1+ 0-1

[Event "2BLS 2223 Heilbronner SV - OSG Baden-Ba"]
[Site "?"]
[Date "2023.02.25"]
[Round "7.1"]
[White "Gozzoli, Yannick"]
[Black "Wenninger, Philipp"]
[Result "1-0"]
[WhiteElo "2585"]
[BlackElo "2385"]
[PlyCount "61"]
[EventDate "2023.??.??"]

1. Nf3 d5 2. d4 Nf6 3. c4 c6 4. Nc3 a6 5. g3 dxc4 6. Bg2 b5 7. O-O Bb7 8. e4 e6 9. e5 Nd5 10. Ng5 Be7 11. Qh5 g6 12. Qh6 Bf8 13. Qh3 Nxc3 14. bxc3 Be7 15. Ne4 h5 16. a4 Nd7 17. Ba3 O-O 18. Bd6 Ra7 19. f4 Ba8 20. g4 hxg4 21. Qh6 Re8 22. h3 Bxd6 23. Nxd6 Re7 24. f5 exf5 25. hxg4 Nxe5 26. dxe5 Rxe5 27. Rad1 Rd7 28. gxf5 f6 29. fxg6 Rg5 30. Ne4 Qb6+ 31. Kh1 1-0

[Event "2BLS 2223 Heilbronner SV - OSG Baden-Ba"]
[Site "?"]
[Date "2023.02.25"]
[Round "7.2"]
[White "Baenziger, Fabian"]
[Black "Dann, Matthias"]
[Result "1/2-1/2"]
[WhiteElo "2408"]
[BlackElo "2459"]
[PlyCount "52"]
[EventDate "2023.??.??"]

1. d4 Nf6 2. c4 e6 3. Nc3 Bb4 4. e3 b6 5. Nge2 Ne4 6. Bd2 Nxd2 7. Qxd2 O-O 8. g3 Ba6 9. a3 Be7 10. Bg2 Nc6 11. b3 Na5 12. Qc2 Rb8 13. O-O c6 14. e4 d6 15. d5 cxd5 16. cxd5 e5 17. a4 Bc8 18. f4 a6 19. Rae1 Qc7 20. Kh1 f5 21. g4 g6 22. fxe5 dxe5 23. gxf5 gxf5 24. exf5 Bxf5 25. Be4 Bh3 26. Rxf8+ Rxf8 1/2-1/2

[Event "2BLS 2223 Heilbronner SV - OSG Baden-Ba"]
[Site "?"]
[Date "2023.02.25"]
[Round "7.3"]
[White "Martin, Julian"]
[Black "Stijve, Theo"]
[Result "1-0"]
[WhiteElo "2391"]
[BlackElo "2338"]
[PlyCount "91"]
[EventDate "2023.??.??"]

1. e4 e5 2. Nf3 Nc6 3. Nc3 Nf6 4. Bb5 Bd6 5. d3 h6 6. a3 a6 7. Bc4 Bc5 8. Be3 d6 9. Ne2 Bg4 10. Qd2 Nh5 11. O-O-O Qf6 12. Nfg1 Nf4 13. Bxc5 dxc5 14. Nxf4 exf4 15. f3 Be6 16. Ne2 g5 17. Nc3 O-O-O 18. Nd5 Qe5 19. c3 Na5 20. Ba2 c6 21. c4 cxd5 22. exd5 Nc6 23. dxc6 b6 24. Rhe1 Qd6 25. Qc3 Qxc6 26. Re4 Qd6 27. Bb1 Rhg8 28. Bc2 g4 29. Qf6 gxf3 30. gxf3 Rg2 31. Qxh6 Rdg8 32. Rd2 Rg1+ 33. Bd1 Rh1 34. Qxf4 Qd7 35. b3 Rgg1 36. d4 f5 37. Re3 cxd4 38. Red3 Qe7 39. Kb2 Qg7 40. Qd6 Bd7 41. Qxb6 Rg2 42. Qxa6+ Kc7 43. Qa5+ Kc8 44. Rxg2 Qxg2+ 45. Rd2 Qg7 46. Qc5+ 1-0

[Event "2BLS 2223 Heilbronner SV - OSG Baden-Ba"]
[Site "?"]
[Date "2023.02.25"]
[Round "7.4"]
[White "Fecker, Noah"]
[Black "Halkias, Stelios"]
[Result "1/2-1/2"]
[WhiteElo "2402"]
[BlackElo "2516"]
[PlyCount "59"]
[EventDate "2023.??.??"]

1. e4 c5 2. c3 Nf6 3. e5 Nd5 4. Nf3 Nc6 5. Bc4 Nb6 6. Bb3 d5 7. exd6 Bf5 8. d4 exd6 9. O-O Be7 10. Re1 O-O 11. Bf4 c4 12. Bc2 Bg6 13. Bg3 d5 14. Nbd2 Bd6 15. Bxg6 hxg6 16. Qc2 Qd7 17. Bxd6 Qxd6 18. Ne5 Rae8 19. f4 Qf6 20. g3 Qf5 21. Qxf5 gxf5 22. Nxc6 bxc6 23. b3 f6 24. Kf2 Rxe1 25. Rxe1 Kf7 26. Rb1 Ra8 27. Ke2 Re8+ 28. Kf2 Ra8 29. Ke2 Re8+ 30. Kf2 1/2-1/2

[Event "2BLS 2223 Heilbronner SV - OSG Baden-Ba"]
[Site "?"]
[Date "2023.02.25"]
[Round "7.5"]
[White "Schmider, Niklas"]
[Black "Zuferi, Enis"]
[Result "1-0"]
[WhiteElo "2395"]
[BlackElo "2365"]
[PlyCount "68"]
[EventDate "2023.??.??"]

1. e4 c5 2. Nf3 d6 3. d4 cxd4 4. Nxd4 Nf6 5. Nc3 a6 6. Bg5 Nbd7 7. Qe2 e6 8. f4 Qc7 9. O-O-O b5 10. a3 Be7 11. g4 h6 12. Bxf6 Bxf6 13. Ndxb5 axb5 14. Nxb5 Qb6 15. Nxd6+ Ke7 16. e5 Bh4 17. Qb5 Qxb5 18. Bxb5 Rd8 19. Rd3 Ba6 20. Bxa6 Rxa6 21. Rhd1 Ra7 22. Ne4 Rc8 23. Nd6 Rd8 24. c4 f6 25. exf6+ Bxf6 26. Nb5 Rb7 27. b4 Ra8 28. Nd6 Rc7 29. c5 Nb6 30. Re1 Nc8 31. f5 e5 32. Nc4 Rd7 33. Rxd7+ Kxd7 34. Kb2 Na7 1-0